Vista normal Vista MARC

Entrada Personal Name

Número de registros utilizados en: 1

001 - CONTROL NUMBER

  • control field: 41290

003 - CONTROL NUMBER IDENTIFIER

  • control field: OSt

005 - DATE AND TIME OF LATEST TRANSACTION

  • control field: 20230915232200.0

008 - FIXED-LENGTH DATA ELEMENTS

  • fixed length control field: 230915|| aca||aabn | a|a d

040 ## - CATALOGING SOURCE

  • Original cataloging agency: OSt
  • Transcribing agency: OSt

100 ## - HEADING--PERSONAL NAME

  • Personal name: Vargas Valencia, Fernando

670 ## - SOURCE DATA FOUND

  • Source citation: Work cat.: (OSt)24007: Garay Salamanca, Luis Jorge 10512, Memoria y reparación : , 2014









Instituto Departamental de Cultura del Meta - Red Departamental de Bibliotecas Públicas del Meta.